Sistemas de signos en la comunicación visual.

Guardat en:
Dades bibliogràfiques
Autors principals: Aicher, Otl (Autor), Krampen, Martin (Autor)
Altres autors: Benet, Reinald (versión castellana), Vilaplana, Erundina (versión castellana)
Format: Llibre
Idioma:espanyol
Publicat: Barcelona, España: Gustavo Gili, 2002.
Edició:5a. edición.
Col·lecció:GG Diseño.
Matèries:
Etiquetes: Afegir etiqueta
Sense etiquetes, Sigues el primer a etiquetar aquest registre!

MARC

LEADER 00000nam a2200000 a 4500
001 UCV8996
003 CL-VaPUC
005 20250407202443.0
008 920406t20020000SP |||||||||||||||||spa|d
999 |c 447273  |d 447271 
020 |a 968-887-174-5 
040 |c Pontificia Universidad Católica de Valparaíso 
082 0 4 |a 704.946 AIC 2002  |2 21 
100 0 |a Aicher, Otl  |e author  |9 302968 
245 1 0 |a Sistemas de signos en la comunicación visual. 
246 |a Manual para diseñadores, arquitectos, planificadores y analistas de sistemas.  |i Subtítulo de la cubierta 
250 |a 5a. edición. 
260 |a Barcelona, España:  |b Gustavo Gili,  |c 2002. 
300 |a 155 páginas:  |b ilustraciones. 
490 0 |a GG Diseño. 
500 |a c.1-c.2. Instituto Arcos.08-01-2025. 
583 |a last modification  |c 20180502 10:55:47  |k Gabriela Rodríguez Cuevas 
650 0 |a Comunicación visual   |9 265349 
650 0 |a Signos y símbolos   |9 862429  |x Diseño gráfico  |v Guías y manuales 
700 0 |a Krampen, Martin  |e author  |9 302969 
700 |a Benet, Reinald  |e versión castellana  |9 896680 
700 |a Vilaplana, Erundina  |e versión castellana  |9 896681 
942 |c BK  |2 ddc  |n 0 
945 |d 19920406 00:00:00 
952 |0 0  |1 0  |2 ddc  |4 0  |6 704_946000000000000_AIC_2002  |7 0  |8 A  |9 601045  |a BIBINC  |b BIBINC  |d 2025-03-12  |e Instituto Arcos  |i 5665938  |o 704.946 AIC 2002  |p 5665938  |r 2025-03-12  |t 1  |w 2025-03-12  |y BK  |k IFP 
952 |0 0  |1 0  |2 ddc  |4 0  |6 704_946000000000000_AIC_2002  |7 0  |8 A  |9 601046  |a BIBINC  |b BIBINC  |d 2025-03-12  |e Instituto Arcos  |i 5665939  |o 704.946 AIC 2002  |p 5665939  |r 2025-03-12  |t 2  |w 2025-03-12  |y BK  |k IFP